书目信息 |
| 题名: |
玩法变了
|
|
| 作者: | 马国良 著 | |
| 分册: | ||
| 出版信息: | 北京 电子工业出版社 2017 |
|
| 页数: | 22,218页 | |
| 开本: | 24cm | |
| 丛书名: | ||
| 单 册: | ||
| 中图分类: | F713.365.2 | |
| 科图分类: | ||
| 主题词: | 电子商务--网络营销 | |
| 电子资源: | ||
| ISBN: | 978-7-121-32847-3 | |
| 000 | 01257nam0 2200253 450 | |
| 001 | 012001000694 | |
| 005 | 20140920091302.0 | |
| 010 | @a978-7-121-32847-3@dCNY49.80 | |
| 100 | @a20180315d2017 em y0chiy50 ea | |
| 101 | 0 | @achi |
| 102 | @aCN@b110000 | |
| 105 | @aa z 000yy | |
| 106 | @ar | |
| 200 | 1 | @a玩法变了@9Wan Fa Bian Le@e淘宝卖家社群营销实战@e微信营销、淘宝成交,社群电商时代的SCRM营销方法与案例@f马国良等著 |
| 210 | @a北京@c电子工业出版社@d2017 | |
| 215 | @a22,218页@c图@d24cm | |
| 330 | @a本书首先从商业模式角度分析了基于微信端的移动化客户管理及其背后的商业机会,以及新零售趋势下企业应对策略;其次从运营角度归纳了淘系电商开启微信营销的战略规划以及商业智能应用模式;然后从营销角度深刻总结了“客转粉”“粉互动”“粉转客”等多维度微信营销技巧;最后从实践角度围绕店铺打爆款、提高复购率等成功案例进行剖析。 | |
| 517 | 1 | @a淘宝卖家社群营销实战@9Tao Bao Mai Jia She Qun Ying Xiao Shi Zhan |
| 517 | 1 | @a微信营销、淘宝成交,社群电商时代的SCRM营销方法与案例@9Wei Xin Ying Xiao 、 Tao Bao Cheng Jiao , She Qun Dian Shang Shi Dai De Scrm Ying Xiao Fang Fa Yu An Li |
| 606 | 0 | @a电子商务@x网络营销 |
| 690 | @aF713.365.2@v5 | |
| 701 | 0 | @a马国良@9Ma Guo Liang@4著 |
| 801 | 0 | @aCN@b上海新华@c20180901 |
| 905 | @b1155250-54@dF713.365.2@e1023@f5 | |
| 玩法变了:淘宝卖家社群营销实战:微信营销、淘宝成交,社群电商时代的SCRM营销方法与案例/马国良等著.-北京:电子工业出版社,2017 |
| 22,218页:图;24cm |
| ISBN 978-7-121-32847-3:CNY49.80 |
| 本书首先从商业模式角度分析了基于微信端的移动化客户管理及其背后的商业机会,以及新零售趋势下企业应对策略;其次从运营角度归纳了淘系电商开启微信营销的战略规划以及商业智能应用模式;然后从营销角度深刻总结了“客转粉”“粉互动”“粉转客”等多维度微信营销技巧;最后从实践角度围绕店铺打爆款、提高复购率等成功案例进行剖析。 |
| ● |
| 相关链接 |
|
|
|
|
正题名:玩法变了
索取号:F713.365.2/1023
 
预约/预借
| 序号 | 登录号 | 条形码 | 馆藏地/架位号 | 状态 | 备注 |
| 1 | 1155250 | 211552504 | 第一样本阅览室/ [索取号:F713.365.2/1023] | 在馆 | |
| 2 | 1155251 | 211552513 | 第一借阅区/ [索取号:F713.365.2/1023] | 在馆 | |
| 3 | 1155252 | 211552522 | 第一借阅区/ [索取号:F713.365.2/1023] | 在馆 | |
| 4 | 1155253 | 211552531 | 第一借阅区/ [索取号:F713.365.2/1023] | 在馆 | |
| 5 | 1155254 | 211552540 | 密集书库-海洋学院/ [索取号:F713.365.2/1023] | 在馆 |